000 01275cam a2200277 4500
001 ABS63576
008 000000n2001 000 0 eng u
035 _a(Sirsi) u111131
100 _aCheffings, N.
245 _aWithout precedent
260 _c2001
490 _aEstates Gazette
_v(0107) 17 February 2001, 154-156(3)
520 _aWith reference to landlord and tenant cases shows that whilst judicial precedent is an integral part of common law, it does not guarrantee the outcome of a case. Discusses "Southwark LBC v Mills & Baxter v Camden LBC" (1999); "Mowan v Wandsworth LBC" (2000); "Ribee v Norrie" (2000); "Javad v Aqil" (1990); "London Baggage Co (Charing Cross) Ltd v Railtrack plc" (2000); "Walji v Mount Cook Land Ltd" (2000) "Lewisham Investment Partnership v Morgan" (1997); and "Iceland Frozen Foods Ltd v Starlight Investments Ltd" (1992).
590 _aABS
650 _aLITIGATION
650 _aPRECEDENTS
650 _aCOMMON LAW
650 _aSOUTHWARK LBC V MILLS & BAXTER V CAMDEN LBC
650 _aNUISANCE
650 _aMOWAN V WANDSWORTH LBC
650 _aRIBEE V NORRIE
650 _aJAVAD V AQIL
650 _aLONDON BAGGAGE CO (CHARING CROSS) LTD V RAILTRACK PLC
690 _aPROPERTY-LANDLORD AND TENANT
942 _n0
999 _c66209
_d66209